University Home | Library Home | Institutional Repository

Africa must unite. (Record no. 8435)

MARC details
000 -LEADER
fixed length control field 00493cam2a220018100 4500
001 - CONTROL NUMBER
control field zam00002916
008 - FIXED-LENGTH DATA ELEMENTS--GENERAL INFORMATION
fixed length control field 951128s1963 xx eng u
035 ## - SYSTEM CONTROL NUMBER
System control number (Sirsi) r20253
035 ## - SYSTEM CONTROL NUMBER
System control number (MACHINE)SLC.
050 ## - LIBRARY OF CONGRESS CALL NUMBER
Classification number DT 30 NKR 1963
100 ## - MAIN ENTRY--PERSONAL NAME
Personal name Nkrumah, K.
Linkage A80768.1
245 ## - TITLE STATEMENT
Title Africa must unite.
591 ## -
-- Class code: H 230.
591 ## -
-- Course: History of modern Africa.
591 ## -
-- School: S05.
591 ## -
-- Lecturer: Dr. MULENGA, M.N.
591 ## -
-- Number of Students: 24.
Holdings
Withdrawn status Lost status Source of classification or shelving scheme Damaged status Not for loan Home library Current library Shelving location Total Checkouts Full call number Barcode Date last seen Copy number Price effective from Koha item type
    Library of Congress Classification     Main Library Main Library Academic reserves/Short loan   DT 30 NKR 1963 33729000767181 08/12/2019 1 08/12/2019 Short Loan material
    Library of Congress Classification     Main Library Main Library Special collections   DT 30 NKR 1963 33729005837443 08/12/2019 2 08/12/2019 Book
    Library of Congress Classification     Main Library Main Library Special collections   DT 30 NKR 1963 33729005409268 08/12/2019 3 08/12/2019 Book
© 2026 - The University of Zambia Library - Koha v25.11